Statistiques concernant Noms de Pokémon par symboles d'éléments chimiques n°1

Cliquez ici pour prendre le quiz!

Statistiques générales

  • Ce quiz a été pris 764 fois
  • Le résultat moyen est 4 sur 5

Statistiques - réponses

Eléments chimiquesPokémon% Correct
Argon-Bore-Oxygène-PotassiumArbok
92%
Calcium-Azote-Argon-Titane-Carbone-Hydrogène-OxygèneCanarticho
91%
Calcium-Nickel-Azote-OsmiumCaninos
89%
Phosphore-Iode-Potassium-Actinium-Hydrogène-UraniumPikachu
83%
Protactinium-Radium-SoufreParas
73%

Distribution des résultats

Percentile par nombre de réponses

% des personnes avec chaque résultat

Votre développement - résultats

Vous n’avez pas pris ce quiz